00451nam a2200109Ia 4500008004100000050002300041100002700064245012300091260008600214300002900300521001200329140724s9999 xx 000 0 und d aRT 82b.Ag283 2007 aAguinaldo, Ma Larizsa. aCaring behaviors of staff nurses in selected Tertiary Hospitals based on Lydia Hall's Theory /cMa. Larizsa Aguinaldo. aLas Piñas, Philippines :bSouthville International School and Colleges,cc2007. a110 p. :bill. ;c28 cm. aNursing